000 00655nam a2200217Ia 4500
003 OSt
005 20220930185746.0
006 a|||||r|||| 00| 0
007 ta
008 220926b |||||||| |||| 00| 0 eng d
024 _a89456
037 _cTextbook
040 _aCRL
_cCRL
_beng
041 _2eng
_aeng
082 _aT4n,N74, L4
245 0 _airectory of graduate and under graduate programs and courses in middle easr studies in the United States, Canada and abroad
260 _aNew York
_bMiddle East Studies Association America
_c1974
300 _a85p.
_ccm.
942 _hT4n,N74, L4
_cTB
_2CC
999 _c890830
_d890830